000 00529nam a2200217Ia 4500
008 210210b1911 xxu||||| |||| 00| 0 eng d
041 _aeng
082 _a825/179
100 _aCHESTERTON (G K)
245 _aCriticism and appreciations of Charles Dickens works
260 _aLondon
_bJ M Dent & Sons Ltd.
_c1911
650 _aworks
650 _aof
650 _aDickens
650 _aCriticism
650 _aCharles
650 _aappreciations
650 _aand
690 _aEnglish Criticism
906 _a014496
999 _c133679
_d133679